[Event "DVM U16 2016"]
[Site "Neumarkt in der Oberpfalz GER"]
[Date "2016.12.29"]
[Round "6"]
[White "Joeres, Stefan"]
[Black "Färber, David"]
[Result "1/2-1/2"]
[Termination "normal"]
[Board "5.1"]
[WhiteElo "1918"]
[BlackElo "2159"]
[WhiteTeam "Karlsruher SF"]
[BlackTeam "SV Walldorf"]
[PlyCount "66"]
[WhiteFideId "12983160"]
[BlackFideId "12971294"]
[EventCountry "GER"]
[EventRounds "7"]
[EventType "team-swiss"]
[EventDate "2016.12.26"]

1. e4 c5 2. Nf3 Nc6 3. d4 cxd4 4. Nxd4 e5 5. Nb5 d6 6. N1c3 a6 7. Na3 b5 8. Nd5
Nce7 9. c4 Nxd5 10. cxd5 f5 11. exf5 Bxf5 12. Bd3 Bxd3 13. Qxd3 Nf6 14. O-O Be7
15. Nc2 O-O 16. Nb4 Qd7 17. Be3 Nh5 18. f3 Bd8 19. Rac1 Nf4 20. Bxf4 Rxf4 21.
Nc6 Bb6+ 22. Kh1 Raf8 23. Rce1 Kh8 24. Re4 g5 25. g3 R4f6 26. Kg2 Qf7 27. h3 h5
28. h4 g4 29. f4 Qh7 30. Qe2 Qg6 31. b3 Bc5 32. Kh2 R8f7 33. Nd8 Re7  1/2-1/2

[Event "DVM U16 2016"]
[Site "Neumarkt in der Oberpfalz GER"]
[Date "2016.12.29"]
[Round "6"]
[White "Hartmann, Cora"]
[Black "Wiesner, Alexander"]
[Result "1/2-1/2"]
[Termination "normal"]
[Board "5.2"]
[WhiteElo "1856"]
[BlackElo "1989"]
[WhiteTeam "SV Walldorf"]
[BlackTeam "Karlsruher SF"]
[PlyCount "120"]
[WhiteFideId "16200764"]
[BlackFideId "12943991"]
[EventCountry "GER"]
[EventRounds "7"]
[EventType "team-swiss"]
[EventDate "2016.12.26"]

1. e4 e6 2. d3 Nf6 3. Nd2 b6 4. Ngf3 Bb7 5. g3 d5 6. exd5 Bxd5 7. Bg2 Be7 8.
O-O O-O 9. Re1 Nbd7 10. Ne4 Nc5 11. Nxc5 Bxc5 12. Bf4 Re8 13. Qe2 Nd7 14. d4
Bd6 15. Bxd6 cxd6 16. c3 Nf6 17. Nd2 Bxg2 18. Kxg2 d5 19. Qd3 Qd7 20. a4 Qc6
21. Qb5 Rec8 22. Qxc6 Rxc6 23. Ra2 Kf8 24. Rea1 Rb8 25. Nb3 Nd7 26. Kf3 Ke7 27.
Ke3 Kd6 28. Kd2 f6 29. Re1 e5 30. Raa1 b5 31. axb5 Rxb5 32. Kc2 Rcb6 33. Ra3
Nb8 34. dxe5+ fxe5 35. Rb1 Nc6 36. Nd2 Rb7 37. Rb3 Rxb3 38. Nxb3 Rf7 39. Rf1 e4
40. Kd2 Ne5 41. Nd4 Nd3 42. b4 Rxf2+ 43. Rxf2 Nxf2 44. Nb5+ Kd7 45. Nxa7 Ng4
46. h3 Nf2 47. h4 Nh1 48. g4 Ng3 49. Ke3 h5 50. Kf2 Nh1+ 51. Kg2 e3 52. Kf3
hxg4+ 53. Kxe3 g3 54. Kf3 Nf2 55. Nb5 Ne4 56. h5 Ke7 57. Nd4 Nxc3 58. Kxg3 Kf6
59. Kf4 Na4 60. b5 Nb6  1/2-1/2

[Event "DVM U16 2016"]
[Site "Neumarkt in der Oberpfalz GER"]
[Date "2016.12.29"]
[Round "6"]
[White "Wegmer, Leon"]
[Black "Baureis, Julian"]
[Result "1/2-1/2"]
[Termination "normal"]
[Board "5.3"]
[WhiteElo "1511"]
[BlackElo "1606"]
[WhiteTeam "Karlsruher SF"]
[BlackTeam "SV Walldorf"]
[PlyCount "69"]
[WhiteFideId "12983748"]
[BlackFideId "12991112"]
[EventCountry "GER"]
[EventRounds "7"]
[EventType "team-swiss"]
[EventDate "2016.12.26"]

1. e4 c5 2. Nf3 Nc6 3. c3 d5 4. exd5 Qxd5 5. d4 Bg4 6. Be2 e6 7. O-O Nf6 8. c4
Qd7 9. d5 exd5 10. cxd5 Nxd5 11. Bc4 Rd8 12. Bg5 Be7 13. Re1 O-O 14. Bxe7 Ndxe7
15. Qxd7 Rxd7 16. Nfd2 Nd4 17. Na3 Nec6 18. h3 Be6 19. Rac1 Nb4 20. Bf1 Rc8 21.
Ne4 b6 22. Nb5 Nxa2 23. Nxd4 Rxd4 24. Rcd1 Rcd8 25. Rxd4 Rxd4 26. Ng5 Rb4 27.
Nxe6 fxe6 28. Ra1 Rxb2 29. Bc4 Nb4 30. Bxe6+ Kf8 31. Rxa7 Re2 32. Bc4 Re7 33.
Ra8+ Re8 34. Ra7 Re7 35. Ra8+  1/2-1/2

[Event "DVM U16 2016"]
[Site "Neumarkt in der Oberpfalz GER"]
[Date "2016.12.29"]
[Round "6"]
[White "Brede, Robert"]
[Black "Kokschenev, Michael"]
[Result "1-0"]
[Termination "normal"]
[Board "5.4"]
[WhiteElo "1471"]
[BlackElo "1363"]
[WhiteTeam "SV Walldorf"]
[BlackTeam "Karlsruher SF"]
[PlyCount "139"]
[WhiteFideId "12971405"]
[BlackFideId "12983721"]
[EventCountry "GER"]
[EventRounds "7"]
[EventType "team-swiss"]
[EventDate "2016.12.26"]

1. c4 e5 2. Nc3 Bb4 3. g3 Bxc3 4. bxc3 Nf6 5. d4 exd4 6. cxd4 O-O 7. Bg2 c6 8.
Qb3 d5 9. cxd5 Nxd5 10. e4 Nb6 11. Bb2 Re8 12. Ne2 Be6 13. Qc2 Na6 14. a3 Qd7
15. Nf4 Rad8 16. Nxe6 Qxe6 17. O-O Nc4 18. Bc3 Qe7 19. Qb3 Nd6 20. Rad1 Nb5 21.
Bb2 Nac7 22. Rd2 Ne6 23. Rfd1 Rd7 24. f3 Red8 25. d5 Qc5+ 26. Kh1 cxd5 27. Rxd5
Rxd5 28. Rxd5 Rxd5 29. Qxd5 Qxd5 30. exd5 Nec7 31. f4 f6 32. Kg1 Kf7 33. Kf2
Ke7 34. Ke2 b6 35. Kd3 a6 36. a4 Na7 37. Kd4 Nc8 38. Bf1 a5 39. g4 Kd7 40. Ba3
Nd6 41. h4 f5 42. Ke5 Nf7+ 43. Kxf5 Nxd5 44. Bb5+ Kd8 45. Ke6 Nxf4+ 46. Kxf7 h5
47. g5 g6 48. Bd6 Ng2 49. Bg3 Ne3 50. Kxg6 Nd5 51. Kxh5 Ke7 52. Kg6 Nc3 53. Bf2
Nxb5 54. axb5 a4 55. Bd4 a3 56. Bxb6 a2 57. Bd4 Kf8 58. h5 Ke7 59. h6 Kd6 60.
h7 Kc7 61. h8=Q a1=R 62. Bxa1 Kb6 63. Qc3 Kxb5 64. Kf5 Kb6 65. Qc4 Kb7 66. Qc5
Ka6 67. Qb4 Ka7 68. Ke6 Ka8 69. Kd6 Ka7 70. Kc7  1-0

[Event "DVM U16 2016"]
[Site "Neumarkt in der Oberpfalz GER"]
[Date "2016.12.29"]
[Round "6"]
[White "Kesselmeier, Kevin"]
[Black "Ovsepyan, Arshak"]
[Result "0-1"]
[Termination "normal"]
[Board "6.1"]
[WhiteElo "1893"]
[BlackElo "2205"]
[WhiteTeam "SK Blauer Springer Paderborn"]
[BlackTeam "SK Gräfelfing"]
[PlyCount "78"]
[WhiteFideId "16217551"]
[BlackFideId "24690236"]
[EventCountry "GER"]
[EventRounds "7"]
[EventType "team-swiss"]
[EventDate "2016.12.26"]

1. f4 d5 2. g3 Nf6 3. Nf3 g6 4. Bg2 Bg7 5. O-O O-O 6. d3 c6 7. h3 Nbd7 8. c3
Re8 9. Qc2 e5 10. fxe5 Nxe5 11. Kh2 Qc7 12. e4 Nxd3 13. Qxd3 dxe4 14. Qc2 exf3
15. Bxf3 Bf5 16. Qg2 Nd5 17. Na3 Rad8 18. Nc2 Be5 19. Rf2 Qb6 20. c4 Nb4 21.
Be3 Qa5 22. Nxb4 Qxb4 23. Rc1 Bxg3+ 24. Qxg3 Rxe3 25. a3 Qd6 26. Qxd6 Rxd6 27.
Kg3 Rdd3 28. Rcf1 Be4 29. Kf4 Bxf3 30. Rxf3 Rxf3+ 31. Rxf3 Rxf3+ 32. Kxf3 Kf8
33. Ke4 Ke7 34. a4 Ke6 35. b4 f5+ 36. Kd4 g5 37. a5 g4 38. hxg4 fxg4 39. b5
cxb5 0-1

[Event "DVM U16 2016"]
[Site "Neumarkt in der Oberpfalz GER"]
[Date "2016.12.29"]
[Round "6"]
[White "von Schlippe, Nikolai"]
[Black "Möller, Lisa-Marie"]
[Result "1-0"]
[Termination "normal"]
[Board "6.2"]
[WhiteElo "2114"]
[BlackElo "1772"]
[WhiteTeam "SK Gräfelfing"]
[BlackTeam "SK Blauer Springer Paderborn"]
[PlyCount "63"]
[WhiteFideId "12928135"]
[BlackFideId "12959367"]
[EventCountry "GER"]
[EventRounds "7"]
[EventType "team-swiss"]
[EventDate "2016.12.26"]

1. b3 c5 2. Bb2 Nc6 3. Nf3 Nf6 4. e3 g6 5. d4 cxd4 6. exd4 d5 7. Ne5 Bg7 8. Nd2
O-O 9. Be2 Qc7 10. O-O Nd7 11. f4 Ndxe5 12. dxe5 Bd7 13. Nf3 e6 14. Kh1 Rac8
15. Qe1 Ne7 16. Bd3 Bc6 17. g4 Qd7 18. Qh4 Rfe8 19. Nd4 Kh8 20. Rae1 Ng8 21. f5
exf5 22. gxf5 Bxe5 23. Rxe5 Rxe5 24. Nxc6 bxc6 25. Bxe5+ f6 26. Bxf6+ Nxf6 27.
Qxf6+ Qg7 28. fxg6 Qxf6 29. Rxf6 hxg6 30. Rxg6 c5 31. Rd6 d4 32. Rd7  1-0

[Event "DVM U16 2016"]
[Site "Neumarkt in der Oberpfalz GER"]
[Date "2016.12.29"]
[Round "6"]
[White "Walow, Xenia"]
[Black "Longo, Massimo"]
[Result "0-1"]
[Termination "normal"]
[Board "6.3"]
[WhiteElo "1627"]
[BlackElo "1919"]
[WhiteTeam "SK Blauer Springer Paderborn"]
[BlackTeam "SK Gräfelfing"]
[PlyCount "94"]
[WhiteFideId "12971839"]
[BlackFideId "16205227"]
[EventCountry "GER"]
[EventRounds "7"]
[EventType "team-swiss"]
[EventDate "2016.12.26"]

1. f4 d6 2. Nf3 Nf6 3. g3 b6 4. Bg2 Bb7 5. O-O Nbd7 6. d3 e5 7. e4 Be7 8. Nc3
c5 9. Qe2 Qc7 10. a3 h5 11. Bd2 O-O-O 12. a4 a6 13. Na2 h4 14. Nxh4 Nh5 15.
fxe5 Nxe5 16. Nf3 Bf6 17. Bc3 Kb8 18. Nxe5 dxe5 19. Bf3 Nxg3 20. hxg3 Rh3 21.
Qg2 Bc8 22. Bd2 c4 23. Nb4 Qc5+ 24. Rf2 Rdh8 25. Kf1 a5 26. d4 exd4 27. Bf4+
Ka7 28. Nd5 Bg4 29. Ke2 d3+ 30. cxd3 cxd3+ 31. Kxd3 Qd4+ 32. Ke2 Qc4+ 33. Kd2
Rh2 34. Qxh2 Rxh2 35. Rxh2 Qd4+ 36. Ke2 Qxb2+ 37. Bd2 Bxf3+ 38. Kxf3 Qxa1 39.
Be3 Bd4 40. Bxd4 Qxd4 41. Ra2 f5 42. Nf4 Qxe4+ 43. Kf2 g5 44. Ne2 Qc4 45. Rd2
Qxa4 46. Rd4 Qc2 47. Ke3 a4  0-1

[Event "DVM U16 2016"]
[Site "Neumarkt in der Oberpfalz GER"]
[Date "2016.12.29"]
[Round "6"]
[White "Yaroshenko, Yaroslav"]
[Black "Müller, Noah"]
[Result "1/2-1/2"]
[Termination "normal"]
[Board "6.4"]
[WhiteElo "1684"]
[BlackElo "1583"]
[WhiteTeam "SK Gräfelfing"]
[BlackTeam "SK Blauer Springer Paderborn"]
[PlyCount "75"]
[WhiteFideId "16204905"]
[BlackFideId "16217586"]
[EventCountry "GER"]
[EventRounds "7"]
[EventType "team-swiss"]
[EventDate "2016.12.26"]

1. d4 d5 2. c4 c6 3. Nf3 Nf6 4. Nc3 e6 5. Bf4 Nbd7 6. e3 Be7 7. Be2 Qa5 8. O-O
O-O 9. Ne5 Nxe5 10. Bxe5 Qd8 11. Bd3 Bd6 12. f4 dxc4 13. Bxc4 Nd5 14. Nxd5 Bxe5
15. Ne7+ Qxe7 16. dxe5 Rd8 17. Qe2 b6 18. Rf3 Bb7 19. Rh3 g6 20. Qf2 Rd7 21. g4
Rad8 22. g5 Qf8 23. Qe1 c5 24. Be2 Rd2 25. Rd1 Rxb2 26. Rxd8 Qxd8 27. Qh4 Rxe2
28. Qxh7+ Kf8 29. Qh8+ Ke7 30. Qf6+ Kd7 31. Qxf7+ Qe7 32. Qxe7+ Kxe7 33. Rh7+
Kf8 34. Rxb7 Rxa2 35. Rc7 Ra3 36. Rc8+ Kf7 37. Rc7+ Kf8 38. Rc8+  1/2-1/2

[Event "DVM U16 2016"]
[Site "Neumarkt in der Oberpfalz GER"]
[Date "2016.12.29"]
[Round "6"]
[White "Silber, Kevin"]
[Black "Balazs, Balint"]
[Result "1-0"]
[Termination "normal"]
[Board "7.1"]
[WhiteElo "2053"]
[BlackElo "2084"]
[WhiteTeam "Delmenhorster SK"]
[BlackTeam "Hagener SV"]
[PlyCount "105"]
[WhiteFideId "12930440"]
[BlackFideId "12922757"]
[EventCountry "GER"]
[EventRounds "7"]
[EventType "team-swiss"]
[EventDate "2016.12.26"]

1. e4 g6 2. d4 Bg7 3. Nc3 d6 4. f4 Nf6 5. Nf3 O-O 6. e5 dxe5 7. fxe5 Nd5 8. Bc4
Nb6 9. Bb3 Nc6 10. O-O Na5 11. Ne4 Nxb3 12. axb3 Qd5 13. Nc5 f6 14. c4 Qc6 15.
Nd3 Bg4 16. d5 Qe8 17. Qe1 c6 18. exf6 exf6 19. Qg3 Bf5 20. Nf4 cxd5 21. c5 Nd7
22. Nxd5 Nxc5 23. Nc7 Qc8 24. Nxa8 Nxb3 25. Ra3 Nxc1 26. Nd4 Qc5 27. Qe3 Ne2+
28. Nxe2 Qxe3+ 29. Rxe3 Rxa8 30. Nd4 Bd7 31. Re7 Rd8 32. Rfe1 Bf8 33. R7e4 Bc5
34. Kh1 Bb6 35. Nf3 Bc6 36. Re6 Ba5 37. Ra1 Kf7 38. Rxc6 bxc6 39. Rxa5 Rd1+ 40.
Ng1 Rb1 41. Rxa7+ Ke6 42. Rb7 c5 43. g3 c4 44. Rc7 Kd5 45. Rd7+ Ke4 46. Rd2 Ke3
47. Re2+ Kd3 48. Rf2 Ke3 49. Kg2 f5 50. Nf3 Kd3 51. Rd2+ Ke3 52. Rc2 h6 53. Ne5
1-0

[Event "DVM U16 2016"]
[Site "Neumarkt in der Oberpfalz GER"]
[Date "2016.12.29"]
[Round "6"]
[White "Laubrock, Paul"]
[Black "Sinnhöfer, Jonas"]
[Result "1-0"]
[Termination "normal"]
[Board "7.2"]
[WhiteElo "1931"]
[BlackElo "1905"]
[WhiteTeam "Hagener SV"]
[BlackTeam "Delmenhorster SK"]
[PlyCount "83"]
[WhiteFideId "1270509"]
[BlackFideId "12982938"]
[EventCountry "GER"]
[EventRounds "7"]
[EventType "team-swiss"]
[EventDate "2016.12.26"]

1. e4 e5 2. Bc4 Nc6 3. d3 Nf6 4. Nc3 Bc5 5. f4 d6 6. Na4 Bxg1 7. Rxg1 a6 8. Nc3
Na5 9. f5 h6 10. Be3 Bd7 11. Qf3 b5 12. Bb3 Rb8 13. g4 Nh7 14. g5 Nxb3 15. axb3
Ra8 16. gxh6 gxh6 17. Qg3 Nf8 18. Nd5 Rh7 19. Qh3 Bc6 20. Rg8 Bxd5 21. Bxh6 Qe7
22. exd5 f6 23. Bxf8 Qf7 24. Qg3 Kd7 25. Qg6 a5 26. O-O-O a4 27. bxa4 bxa4 28.
Qxh7 Qxh7 29. Rg7+ Qxg7 30. Bxg7 Ke7 31. Rg1 Ra5 32. h4 Rxd5 33. h5 Rd4 34. Rh1
Kf7 35. h6 Rg4 36. h7 Rxg7 37. h8=Q a3 38. Qa8 a2 39. Qxa2+ Ke7 40. Qe6+ Kd8
41. Rh8+ Rg8 42. Rxg8#  1-0

[Event "DVM U16 2016"]
[Site "Neumarkt in der Oberpfalz GER"]
[Date "2016.12.29"]
[Round "6"]
[White "Amler, Nick"]
[Black "Brunner, Sophia"]
[Result "1-0"]
[Termination "normal"]
[Board "7.3"]
[WhiteElo "1758"]
[BlackElo "1619"]
[WhiteTeam "Delmenhorster SK"]
[BlackTeam "Hagener SV"]
[PlyCount "69"]
[WhiteFideId "12930539"]
[BlackFideId "12960683"]
[EventCountry "GER"]
[EventRounds "7"]
[EventType "team-swiss"]
[EventDate "2016.12.26"]

1. e4 d5 2. exd5 Qxd5 3. Nc3 Qa5 4. d4 Nf6 5. Nf3 Bg4 6. h3 Bxf3 7. Qxf3 c6 8.
Bd2 Qb6 9. O-O-O e6 10. Bg5 Nbd7 11. Bc4 O-O-O 12. Rd3 h6 13. Be3 Qc7 14. Bb3
Nb6 15. Kb1 Nfd5 16. Nxd5 Nxd5 17. Bc1 Bd6 18. c4 Nf4 19. Bxf4 Bxf4 20. d5 e5
21. Rhd1 cxd5 22. cxd5 Kb8 23. d6 Qd7 24. g3 Bg5 25. Qe4 Bf6 26. Ba4 Qe6 27.
Rb3 b6 28. Qc6 Qc8 29. Qe4 Qb7 30. Bc6 Qc8 31. d7 Qc7 32. Rc3 a5 33. Bb5 Qb7
34. Rc6 Rhf8 35. Rdd6  1-0

[Event "DVM U16 2016"]
[Site "Neumarkt in der Oberpfalz GER"]
[Date "2016.12.29"]
[Round "6"]
[White "Scheidt, Mike Niklas"]
[Black "Rautenberg, Jakob"]
[Result "0-1"]
[Termination "normal"]
[Board "7.4"]
[WhiteElo "1580"]
[BlackElo "1697"]
[WhiteTeam "Hagener SV"]
[BlackTeam "Delmenhorster SK"]
[PlyCount "106"]
[WhiteFideId "12965235"]
[BlackFideId "16214749"]
[EventCountry "GER"]
[EventRounds "7"]
[EventType "team-swiss"]
[EventDate "2016.12.26"]

1. d4 d5 2. Bf4 Nf6 3. Nf3 e6 4. e3 Bd6 5. Bd3 c5 6. c3 Nc6 7. Nbd2 Qe7 8. O-O
e5 9. dxe5 Nxe5 10. Nxe5 Bxe5 11. Bxe5 Qxe5 12. Nf3 Qd6 13. Re1 O-O 14. c4 Be6
15. cxd5 Nxd5 16. Qd2 Qb6 17. Rac1 Rfd8 18. a3 Nf6 19. Qc2 Rac8 20. Bf1 g6 21.
e4 Qc7 22. b3 Bg4 23. Ng5 Qf4 24. e5 Qxg5 25. exf6 Qxf6 26. Qc4 Be6 27. Qb5 b6
28. Red1 Rxd1 29. Rxd1 Rd8 30. Rxd8+ Qxd8 31. h3 Qd7 32. Qxd7 Bxd7 33. Bc4 Be6
34. Kf1 Bxc4+ 35. bxc4 Kg7 36. Ke2 Kf6 37. Ke3 Ke6 38. f4 h6 39. h4 f6 40. g4
h5 41. gxh5 gxh5 42. Ke4 f5+ 43. Ke3 Kd6 44. Kd3 Kc6 45. a4 a6 46. Kc3 b5 47.
Kb3 Kb6 48. axb5 axb5 49. Kc3 Ka5 50. Kb3 b4 51. Kb2 Ka4 52. Ka2 b3+ 53. Kb2
Kb4  0-1

[Event "DVM U16 2016"]
[Site "Neumarkt in der Oberpfalz GER"]
[Date "2016.12.29"]
[Round "6"]
[White "Grieb, Lukas"]
[Black "Kasüschke, Lars"]
[Result "1-0"]
[Termination "normal"]
[Board "8.1"]
[WhiteElo "1810"]
[BlackElo "1900"]
[WhiteTeam "SK Gau-Algesheim"]
[BlackTeam "SG Schwäbisch Gmünd"]
[PlyCount "57"]
[WhiteFideId "1271993"]
[BlackFideId "12939510"]
[EventCountry "GER"]
[EventRounds "7"]
[EventType "team-swiss"]
[EventDate "2016.12.26"]

1. e4 c5 2. Nf3 Nc6 3. d4 cxd4 4. Nxd4 g6 5. Nc3 Bg7 6. Be3 Nf6 7. Be2 O-O 8.
O-O d6 9. f4 Qb6 10. Qd3 Ng4 11. Nd5 Bxd4 12. Bxg4 Bxe3+ 13. Qxe3 Qxb2 14. Bxc8
Raxc8 15. f5 Qe5 16. f6 Kh8 17. Qh6 Rg8 18. Rab1 Qxe4 19. Rf4 Qxd5 20. Rh4 Qh5
21. Rxh5 gxh5 22. fxe7 Rce8 23. Rxb7 Rg7 24. Rc7 Nxe7 25. Qxd6 Nf5 26. Qf6 Rg8
27. Qxf5 Rxg2+ 28. Kf1 Rg1+ 29. Ke2  1-0

[Event "DVM U16 2016"]
[Site "Neumarkt in der Oberpfalz GER"]
[Date "2016.12.29"]
[Round "6"]
[White "Reindl, Arno"]
[Black "Erlekam, Simon"]
[Result "1/2-1/2"]
[Termination "normal"]
[Board "8.2"]
[WhiteElo "1854"]
[BlackElo "1843"]
[WhiteTeam "SG Schwäbisch Gmünd"]
[BlackTeam "SK Gau-Algesheim"]
[PlyCount "51"]
[WhiteFideId "12946729"]
[BlackFideId "12921416"]
[EventCountry "GER"]
[EventRounds "7"]
[EventType "team-swiss"]
[EventDate "2016.12.26"]

1. e4 c5 2. d4 cxd4 3. c3 dxc3 4. Nxc3 Nc6 5. Nf3 g6 6. Bc4 Bg7 7. O-O d6 8.
Bf4 Nf6 9. Qe2 Bg4 10. Rfd1 O-O 11. Rac1 Nd7 12. Qe3 Bxf3 13. gxf3 Qb6 14. Nd5
Qxe3 15. fxe3 Rfc8 16. Ba6 bxa6 17. Rxc6 Bf8 18. Rxa6 Rc2 19. b3 Nc5 20. Ra5 a6
21. Nb4 Rb2 22. e5 Nb7 23. Ra4 Nc5 24. Ra5 Nb7 25. Ra4 Nc5 26. Ra5  1/2-1/2

[Event "DVM U16 2016"]
[Site "Neumarkt in der Oberpfalz GER"]
[Date "2016.12.29"]
[Round "6"]
[White "Breitenbach, Justin"]
[Black "Reindl, Knut"]
[Result "1/2-1/2"]
[Termination "normal"]
[Board "8.3"]
[WhiteElo "1453"]
[BlackElo "1823"]
[WhiteTeam "SK Gau-Algesheim"]
[BlackTeam "SG Schwäbisch Gmünd"]
[PlyCount "76"]
[WhiteFideId "12971383"]
[BlackFideId "12946753"]
[EventCountry "GER"]
[EventRounds "7"]
[EventType "team-swiss"]
[EventDate "2016.12.26"]

1. e4 c5 2. Nf3 d6 3. d4 cxd4 4. Nxd4 Nf6 5. Nc3 g6 6. Be3 Bg7 7. Be2 O-O 8.
Qd2 Nc6 9. O-O-O a6 10. f3 Bd7 11. g4 Rc8 12. h4 h5 13. gxh5 Nxh5 14. Rdg1 b5
15. Nb3 Na5 16. Bd4 Nc4 17. Bxc4 bxc4 18. Bxg7 Kxg7 19. Rg5 e5 20. Rhg1 Rh8 21.
Qxd6 cxb3 22. Qxe5+ Nf6 23. h5 bxa2 24. Nxa2 Be8 25. f4 Qc7 26. Qxc7 Rxc7 27.
hxg6 fxg6 28. e5 Ne4 29. R5g4 Rh2 30. c3 Rb7 31. f5 Rhxb2 32. f6+ Kf8 33. Nb4
Re2 34. Rh1 Nxc3 35. Rh8+ Kf7 36. Rh7+ Ke6 37. Rxb7 a5 38. Nd3 Na2+  1/2-1/2

[Event "DVM U16 2016"]
[Site "Neumarkt in der Oberpfalz GER"]
[Date "2016.12.29"]
[Round "6"]
[White "Reindl, Jork"]
[Black "Jilge, Sebastian"]
[Result "1-0"]
[Termination "normal"]
[Board "8.4"]
[WhiteElo "1472"]
[BlackElo "1395"]
[WhiteTeam "SG Schwäbisch Gmünd"]
[BlackTeam "SK Gau-Algesheim"]
[PlyCount "93"]
[WhiteFideId "16200152"]
[BlackFideId "16208048"]
[EventCountry "GER"]
[EventRounds "7"]
[EventType "team-swiss"]
[EventDate "2016.12.26"]

1. e4 e5 2. Nf3 Nc6 3. Bc4 Bc5 4. Nc3 Nf6 5. d3 d6 6. h3 Be6 7. Bb3 Bxb3 8.
axb3 O-O 9. Bg5 h6 10. Bh4 Nb4 11. O-O Re8 12. Nd2 c6 13. Na4 Bb6 14. Nxb6 Qxb6
15. Nc4 Qc7 16. c3 Na6 17. Bxf6 gxf6 18. Ne3 Kh7 19. Nf5 Rg8 20. Re1 Rg5 21.
Re3 Rag8 22. Rg3 Qb6 23. Kh1 Qxf2 24. Rxg5 Rxg5 25. Qf1 Qc5 26. Ne7 Kg7 27.
Nf5+ Kh7 28. Qf3 d5 29. h4 Rg6 30. exd5 cxd5 31. b4 Qc8 32. Ne7 Qg4 33. Nxg6
Qxf3 34. gxf3 Kxg6 35. b5 Nc7 36. Rxa7 Nxb5 37. Rxb7 Nd6 38. Rd7 Nf5 39. Rxd5
Ne3 40. Ra5 Nd1 41. c4 Nxb2 42. c5 Nxd3 43. c6 Nb4 44. c7 Nc6 45. c8=Q Nxa5 46.
Qg8+ Kf5 47. Qg4#  1-0

[Event "DVM U16 2016"]
[Site "Neumarkt in der Oberpfalz GER"]
[Date "2016.12.29"]
[Round "6"]
[White "Linnert, Niklas"]
[Black "Kandler, Philipp"]
[Result "1-0"]
[Termination "normal"]
[Board "9.1"]
[WhiteElo "1806"]
[BlackElo "1594"]
[WhiteTeam "SK König Plauen"]
[BlackTeam "Gütersloher SV"]
[PlyCount "55"]
[WhiteFideId "12974781"]
[BlackFideId "16200772"]
[EventCountry "GER"]
[EventRounds "7"]
[EventType "team-swiss"]
[EventDate "2016.12.26"]

1. d4 d5 2. Nf3 Nf6 3. e3 e6 4. Bd3 c5 5. b3 Nc6 6. Bb2 Bd6 7. Nbd2 O-O 8. O-O
cxd4 9. exd4 Qc7 10. Re1 Nb4 11. Qe2 Nxd3 12. Qxd3 Bf4 13. Ne5 Bd7 14. Ndf3
Rac8 15. c4 dxc4 16. bxc4 Bc6 17. Nxc6 Qxc6 18. g3 Bh6 19. Ne5 Qc7 20. Rad1
Rfd8 21. Qb3 Nd7 22. Nxd7 Rxd7 23. d5 exd5 24. cxd5 Rcd8 25. Ba3 g6 26. d6 Qc6
27. Re7 Bg5 28. Qxf7+  1-0

[Event "DVM U16 2016"]
[Site "Neumarkt in der Oberpfalz GER"]
[Date "2016.12.29"]
[Round "6"]
[White "Neumann, Theodor"]
[Black "Burian, Simon"]
[Result "1/2-1/2"]
[Termination "normal"]
[Board "9.2"]
[WhiteElo "1739"]
[BlackElo "1827"]
[WhiteTeam "Gütersloher SV"]
[BlackTeam "SK König Plauen"]
[PlyCount "141"]
[WhiteFideId "16200799"]
[BlackFideId "12956902"]
[EventCountry "GER"]
[EventRounds "7"]
[EventType "team-swiss"]
[EventDate "2016.12.26"]

1. b3 e5 2. Bb2 d6 3. e3 g6 4. g3 Bg7 5. c4 Ne7 6. Bg2 O-O 7. Nc3 c5 8. Nge2
Nbc6 9. O-O Be6 10. Nb5 a6 11. Na3 f5 12. Nc2 d5 13. d3 Rc8 14. f4 h6 15. e4
fxe4 16. cxd5 exd3 17. dxe6 dxe2 18. Qxe2 Qd6 19. Bh3 exf4 20. Bxg7 Kxg7 21.
Rad1 Nd4 22. Nxd4 cxd4 23. gxf4 Rxf4 24. Qd2 Rcf8 25. Rxf4 Rxf4 26. Qg2 b5 27.
Qb7 d3 28. Qd7 Qxd7 29. exd7 Rd4 30. Kf2 Nf5 31. Bf1 d2 32. Ke2 Rxd7 33. Rxd2
Rxd2+ 34. Kxd2 Kf6 35. a4 bxa4 36. bxa4 a5 37. Ke2 Ke5 38. Kf3 Nd4+ 39. Kg3 Nb3
40. Bb5 Nd2 41. Be8 Kf5 42. Bd7+ Kf6 43. Bc6 h5 44. h3 g5 45. h4 Kf5 46. hxg5
Kxg5 47. Kh3 h4 48. Bd5 Nf1 49. Bc6 Ng3 50. Bd7 Ne2 51. Bc6 Nf4+ 52. Kh2 Kg4
53. Bd7+ Kf3 54. Bc6+ Kf2 55. Bd7 Ke3 56. Bc6 Kd4 57. Bd7 Kc4 58. Bc6 Kb4 59.
Be8 Nd5 60. Kh3 Nc3 61. Kxh4 Nxa4 62. Kg3 Nc3 63. Kf3 Nb5 64. Ke3 a4 65. Kd2 a3
66. Kc2 Nd6 67. Bd7 Nc4 68. Kb1 Nb2 69. Be6 Na4 70. Ka1 Nc3 71. Bg8  1/2-1/2

[Event "DVM U16 2016"]
[Site "Neumarkt in der Oberpfalz GER"]
[Date "2016.12.29"]
[Round "6"]
[White "Graf, Lucas"]
[Black "Fortenbacher, Dominic"]
[Result "0-1"]
[Termination "normal"]
[Board "9.3"]
[WhiteElo "1716"]
[BlackElo "1579"]
[WhiteTeam "SK König Plauen"]
[BlackTeam "Gütersloher SV"]
[PlyCount "126"]
[WhiteFideId "12974889"]
[BlackFideId "16200780"]
[EventCountry "GER"]
[EventRounds "7"]
[EventType "team-swiss"]
[EventDate "2016.12.26"]

1. d4 d5 2. Nf3 Nf6 3. e3 c6 4. Bd3 Bg4 5. Nbd2 Nbd7 6. O-O e6 7. b3 Bd6 8. Bb2
Qb8 9. h3 Bxf3 10. Nxf3 O-O 11. c4 Re8 12. Rc1 a6 13. Qe2 Qd8 14. Rfd1 Rc8 15.
Ne5 Bc7 16. cxd5 Nxe5 17. dxe5 Nxd5 18. Bxh7+ Kxh7 19. Qc2+ Kg8 20. e4 Qg5 21.
exd5 exd5 22. Qd2 Qxd2 23. Rxd2 Bxe5 24. Bxe5 Rxe5 25. f4 Re4 26. Rxd5 Rxf4 27.
Rd7 Rb8 28. Re1 c5 29. Ree7 b6 30. Ra7 a5 31. Rad7 Kf8 32. g3 Rf6 33. Re4 Re8
34. Rxe8+ Kxe8 35. Rd3 Ke7 36. Kg2 Ke6 37. h4 Ke5 38. a3 Rd6 39. Rxd6 Kxd6 40.
Kf3 Kd5 41. Ke3 c4 42. b4 axb4 43. axb4 c3 44. Kd3 c2 45. Kxc2 Kc4 46. g4 Kxb4
47. g5 g6 48. Kd3 b5 49. Kd4 Ka3 50. Ke5 b4 51. Kf6 b3 52. Kxf7 b2 53. Kxg6
b1=Q+ 54. Kh6 Qf5 55. h5 Qf8+ 56. Kh7 Qf7+ 57. Kh6 Qg8 58. g6 Kb4 59. g7 Kc5
60. Kg6 Kd6 61. Kh6 Ke7 62. Kg6 Ke8 63. h6 Ke7  0-1